000 00471nam a2200145 a 4500
001 000005011
005 20200929151546.0
008 090729s1952 dr 001 0 spa d
040 _aDO-SdBNP
_bspa
_cBNPHU
082 _a343.02
_bH565p
100 1 _aHerrera Bornia, Orestes
_914442
245 1 0 _aPrevisión social en la República Dominicana /
_cOrestes Herrera Bornia.
260 _aCiudad Trujillo, República Dominicana :
_bArte y Cine,
_c1952.
300 _a595 p. ;
_c23 cm.
999 _c4817
_d4817